Datum a čas kvízu
25.5
Celkem bodů
Celkový počet nahraných bodů na tomto kvízu bez doplňovacích otázek.
15.
Pořadí na kvízu
Konečné umístění týmu na tomto kvízu.
Zaznamenané odpovědi
| # | Otázka | Odpověď | Body | Výsledky |
|---|---|---|---|---|
| 1. | Středočeská obec Mirošovice po... | Předčasně zveřejnila výsledky. | 1 | |
| 2. | Tlaková níže a s ní spojené si... | Axel | 1 | |
| 3. | Zlínský filmový festival minul... | kybernetický útok | 0 | |
| 4. | Škoda Auto minulý týden předst... | Citigo | 0 | |
| 5. | V pondělí nás opustil Niki Lau... | Laudamotion, Niki | 0 | |
| 6. | Jakou barvu má pruh, který je... | černou | 1 | |
| 7. | Jaká barva kromě zelené a bílé... | žádná | 1 | |
| 8. | Na bolívijské vlajce je modrý... | D | 0 | |
| 9. | Jakou barvu má prostřední pruh... | zelenou | 1 | |
| 10. | Který z pruhů na vlajce Maďars... | A | 1 |